Catálogo público

The type species of the genera of Chalcidoidea of Chalcid-flies (Record no. 70963)

MARC details
000 -CABECERA
campo de control de longitud fija 00940cam a22003017a 4500
003 - IDENTIFICADOR DEL NÚMERO DE CONTROL
campo de control CHAP
005 - FECHA Y HORA DE LA ÚLTIMA TRANSACCIÓN
campo de control 20220329141617.0
008 - DATOS DE LONGITUD FIJA--INFORMACIÓN GENERAL
campo de control de longitud fija 971013s1923 r 00010 d
010 ## - NÚMERO DE CONTROL DE LA BIBLIOTECA DEL CONGRESO
Número de control de LC 70963
011 ## - ENLACE DEL NUMERO DE CONTROL DE LA BIBLIOTECA DEL CONGRESO [OBSOLETO]
Número de control de LC 71935
035 ## - NÚMERO DE CONTROL DEL SISTEMA
Número de control de sistema 81489
040 ## - FUENTE DE LA CATALOGACIÓN
Centro/agencia transcriptor CHAP
082 ## - NÚMERO DE LA CLASIFICACIÓN DECIMAL DEWEY
Número de clasificación 595.79
Número de documento/Ítem G3
100 00 - ENTRADA PRINCIPAL--NOMBRE DE PERSONA
Nombre de persona Gahan, A. B.
9 (RLIN) 44169
245 14 - MENCIÓN DE TÍTULO
Título The type species of the genera of Chalcidoidea of Chalcid-flies
260 ## - PUBLICACIÓN, DISTRIBUCIÓN, ETC.
Lugar de publicación, distribución, etc. Washington, D.C. :
Nombre del editor, distribuidor, etc. Government Printing Office,
Fecha de publicación, distribución, etc. 1923
300 ## - DESCRIPCIÓN FÍSICA
Extensión 173 p.
490 #0 - MENCIÓN DE SERIE
Mención de serie EUA. National Museum. Bulletin
Designación de volumen o secuencia ; 124
590 ## - NOTA LOCAL (RLIN)
Nota local BATCH-UPD
Procedencia (VM) [OBSOLETO] 10
Condición del los carretes individuales (VM) [OBSOLETO] 20130110
-- UCH01
-- 0509
590 ## - NOTA LOCAL (RLIN)
Nota local BATCH-UPD
Procedencia (VM) [OBSOLETO] 10
Condición del los carretes individuales (VM) [OBSOLETO] 20130110
-- UCH01
-- 2359
590 ## - NOTA LOCAL (RLIN)
Nota local CONVERSION
Procedencia (VM) [OBSOLETO] 10
Condición del los carretes individuales (VM) [OBSOLETO] 20130109
-- UCH01
-- 1339
650 14 - PUNTO DE ACCESO ADICIONAL DE MATERIA--TÉRMINO DE MATERIA
Término de materia o nombre geográfico como elemento de entrada Chalcidoidea.
9 (RLIN) 21747
700 0# - PUNTO DE ACCESO ADICIONAL--NOMBRE DE PERSONA
Nombre de persona Fagan, Margaret M.
9 (RLIN) 39314
830 0# - PUNTO DE ACCESO ADICIONAL DE SERIE-TÍTULO UNIFORME
Título uniforme EUA. National Museum. Bulletin
Designación de volumen o secuencia ; 124
9 (RLIN) 38804
901 ## - ELEMENTOS DE DATOS A LOCAL LDA (RLIN)
a BK
942 ## - ELEMENTOS DE PUNTO DE ACCESO ADICIONAL (KOHA)
Tipo de ítem Koha Libro
949 ## - PROCESAMIENTO DE INFORMACIÓN LOCAL (OCLC)
a 595.79 G3
b BC
c BPP
d -34871
e BPP
h 27157
i 81489
m D
s i
Holdings
Estado de retiro Estado de pérdida Fuente del sistema de clasificación o colocación Estado dañado Restricciones de uso No para préstamo Código de colección Localización permanente Ubicación/localización actual Fecha de adquisición Información codificada de la localización en otra ubicación Total de préstamos Signatura topográfica completa Código de barras Fecha visto por última vez Precio válido a partir de Tipo de ítem Koha
    Dewey Decimal Classification   Préstamo interno   Fondo Reservado Biblioteca Central Biblioteca Central 31/12/2019 LIBRO   595.79 G3 -34871 31/12/2019 31/12/2019 Libro